Kluby piłkarskie wg. miast w Polsce - Statystyki

Ogólne statystyki
  • Ten quiz został rozwiązany 3 138 razy
    3 010 od ostatniego zresetowania
  • Średni wynik to 39 z 100
Statystyki odpowiedzi
Miasto Klub Liga % Poprawnych
Warszawa Legia Warszawa/Polonia Warszawa/Ursus Ekstraklasa/II/III
99%
Kraków Cracovia Kraków/Wisła Kraków/Garbarnia Kraków/Hutnik Kraków/Wieczysta Kraków Ekstraklasa/I/II/II/III
95%
Poznań Lech Poznań/Warta Poznań Ekstraklasa/Ekstraklasa
95%
Łódź Widzew Łódź/ŁKS Łódź Ekstraklasa/I
94%
Szczecin Pogoń Szczecin/Świt Skolwin Ekstraklasa/III
92%
Gdańsk Lechia Gdańsk/Gedania Gdańsk Ekstraklasa/III
91%
Wrocław Śląsk Wrocław/Ślęza Wrocław Ekstraklasa/III
91%
Gdynia Arka Gdynia/Bałtyk Gdynia I/III
90%
Częstochowa Raków Częstochowa/Skra Częstochowa Ekstraklasa/I
90%
Białystok Jagiellonia Białystok Ekstraklasa
88%
Zabrze Górnik Zabrze Ekstraklasa
86%
Kielce Korona Kielce I
85%
Katowice GKS Katowice I
84%
Radom Radomiak Radom/Broń Radom Ekstraklasa/III
84%
Gliwice Piast Gliwice Ekstraklasa
82%
Lublin Motor Lublin/Lublinianka Lublin II/III
80%
Sosnowiec Zagłębie Sosnowiec I
79%
Rzeszów Resovia Rzeszów/Stal Rzeszów I/II
78%
Bydgoszcz Zawisza Bydgoszcz III
76%
Tychy GKS Tychy I
75%
Płock Wisła Płock Ekstraklasa
75%
Chorzów Ruch Chorzów I
74%
Lubin Zagłębie Lubin Ekstraklasa
70%
Toruń Elana Toruń/Pomorzanin Toruń IV/IV
69%
Bytom Polonia Bytom III
69%
Opole Odra Opole I
68%
Legnica Miedź Legnica Ekstraklasa
67%
Bielsko-Biała Podbeskidzie Bielsko-Biała/Rekord Bielsko-Biała I/III
67%
Olsztyn Stomil Olsztyn II
65%
Mielec Stal Mielec Ekstraklasa
64%
Kalisz KKS 1925 Kalisz II
57%
Siedlce Pogoń Siedlce II
55%
Nowy Sącz Sandecja Nowy Sącz I
53%
Grudziądz Olimpia Grudziądz III
52%
Pruszków Znicz Pruszków II
52%
Elbląg Olimpia Elbląg/Concordia Elbląg II/III
51%
Głogów Chrobry Głogów I
50%
Bełchatów GKS Bełchatów IV
50%
Rybnik ROW 1964 Rybnik IV
49%
Stalowa Wola Stal Stalowa Wola III
49%
Kołobrzeg Kotwica Kołobrzeg II
47%
Zielona Góra Lechia Zielona Góra III
43%
Suwałki Wigry Suwałki IV
40%
Puławy Wisła Puławy II
40%
Jastrzębie Zdrój GKS Jastrzębie II
38%
Tarnów Unia Tarnów III
38%
Wałbrzych Górnik Wałbrzych IV
37%
Tarnobrzeg Siarka Tarnobrzeg II
37%
Ostrowiec Świętokrzyski KSZO 1929 Ostrowiec Świętokrzyski III
32%
Chełm Chełmianka Chełm III
30%
Łomża ŁKS 1926 Łomża IV
30%
Koszalin Bałtyk Koszalin/Gwardia Koszalin IV/IV
29%
Legionowo Legionovia Legionowo III
27%
Wodzisław Śląski Odra Wodzisław Śląski III
27%
Skierniewice Unia Skierniewice III
27%
Wejherowo Gryf Wejherowo IV
26%
Stargard Błękitni Stargard III
25%
Słupsk Gryf Słupsk IV
24%
Radomsko RKS Radomsko IV
24%
Zamość Hetman Zamość Klasa Okręgowa
23%
Konin Górnik Konin V
22%
Dębica Wisłoka Dębica III
22%
Krosno Karpaty Krosno IV
21%
Starachowice Star Starachowice IV
19%
Przemyśl Polonia Przemyśl IV
18%
Tomaszów Mazowiecki Lechia Tomaszów Mazowiecki III
16%
Jelenia Góra Karkonosze Jelenia Góra IV
15%
Gorzów Wielkopolski Warta Gorzów Wielkopolski III
15%
Gniezno Mieszko Gniezno IV
14%
Jaworzno Szczakowianka Jaworzno IV
14%
Włocławek Włocłavia Włocławek/Lider Włocławek IV
14%
Ełk Rona 03 Ełk/Mazur Ełk Klasa Okręgowa
13%
Biała Podlaska Podlasie Biała Podlaska III
12%
Racibórz Unia Racibórz IV
10%
Tarnowskie Góry Gwarek Tarnowskie Góry III
9%
Zawiercie Warta Zawiercie IV
9%
Kędzierzyn-Koźle Chemik Kędzierzyn-Koźle Klasa Okręgowa
8%
Zgierz Boruta Zgierz IV
7%
Piaseczno MKS Piaseczno IV
7%
Leszno Polonia 1912 Leszno IV
7%
Ruda Śląska Slavia Ruda Śląska Klasa okręgowa
7%
Skarżysko-Kamienna Granat Skarżysko-Kamienna IV
6%
Rumia Orkan Rumia Klasa Okręgowa
6%
Świętochłowice Śląsk Świętochłowice IV
6%
Otwock Start Otwock Klasa Okręgowa
6%
Tczew Wisła Tczew Klasa Okręgowa
6%
Starogard Gdański KP Starogard Gdański III
5%
Pabianice Włókniarz Pabianice Klasa Okręgowa
5%
Inowrocław Cuiavia Inowrocław IV
4%
Piła KP Piła Klasa Okręgowa
4%
Piotrków Trybunalski Polonia Piotrków Trybunalski IV
4%
Dąbrowa Górnicza Unia Dąbrowa Górnicza IV
4%
Ostrów Wielkopolski Centra Ostrów Wielkopolski IV
3%
Świdnica Polonia-Stal Świdnica IV
3%
Będzin Sarmacja Będzin Klasa Okręgowa
3%
Siemianowice Śląskie Siemianowiczanka Siemianowice Śląskie Klasa Okręgowa
2%
Ostrołęka Narew 1962 Ostrołęka IV
1%
Mysłowice Unia Kosztowy IV
1%
Żory LKS Baranowice Klasa A
0%
Piekary Śląskie Orzeł Biały Brzeziny Śląskie Klasa A
0%
Nie znaleziono quizów pasujących do podanych kryteriów
Rozkład punktacji
Procent ludzi z każdym wynikiem
Percentyl według liczby udzielonych odpowiedzi
Twoja historia wyników
Nie rozwiązałeś tego quizu od ostatniego zresetowania